Srimadvalmikiramayana-Ayodhyakanda II V3. (Record no. 95295)

MARC details
000 -LEADER
fixed length control field 00794nam a2200241Ia 4500
003 - CONTROL NUMBER IDENTIFIER
control field OSt
005 - DATE AND TIME OF LATEST TRANSACTION
control field 20260507150335.0
008 - FIXED-LENGTH DATA ELEMENTS--GENERAL INFORMATION
fixed length control field 210210b1960 xxu||||| |||| 00| 0 eng d
040 ## - CATALOGING SOURCE
Transcribing agency AL
041 ## - LANGUAGE CODE
Language code of text/sound track or separate title Sanskrit
082 ## - DEWEY DECIMAL CLASSIFICATION NUMBER
Classification number S891.1 VARS
100 ## - MAIN ENTRY--PERSONAL NAME
Personal name VARADACHARYA (K S), Ed.
Dates associated with a name वरदाचार्य (के.एस.)
9 (RLIN) 263515
245 ## - TITLE STATEMENT
Title Srimadvalmikiramayana-Ayodhyakanda II V3.
Remainder of title श्रिमद्वाल्मीकी रामायणम् : अयोध्याकाण्ड
260 ## - PUBLICATION, DISTRIBUTION, ETC.
Place of publication, distribution, etc. Mysore
Name of publisher, distributor, etc. Oriental research institute
Date of publication, distribution, etc. 1960
300 ## - PHYSICAL DESCRIPTION
Extent 502
440 ## - SERIES STATEMENT/ADDED ENTRY--TITLE
Title 3
9 (RLIN) 263516
650 ## - SUBJECT ADDED ENTRY--TOPICAL TERM
Topical term or geographic name entry element V3.
9 (RLIN) 263517
650 ## - SUBJECT ADDED ENTRY--TOPICAL TERM
Topical term or geographic name entry element Srimadvalmikiramayana-Ayodhyakanda
9 (RLIN) 263518
650 ## - SUBJECT ADDED ENTRY--TOPICAL TERM
Topical term or geographic name entry element II
9 (RLIN) 263519
690 ## - LOCAL SUBJECT ADDED ENTRY--TOPICAL TERM (OCLC, RLIN)
Topical term or geographic name as entry element Sanskrit Poetry
9 (RLIN) 263520
906 ## - LOCAL DATA ELEMENT F, LDF (RLIN)
a 045824
942 ## - ADDED ENTRY ELEMENTS (KOHA)
Source of classification or shelving scheme Dewey Decimal Classification
Koha item type Book
Holdings
Withdrawn status Lost status Source of classification or shelving scheme Damaged status Not for loan Collection code Home library Current library Shelving location Date acquired Cost, normal purchase price Total Checkouts Full call number Barcode Date last seen Price effective from Koha item type
    Dewey Decimal Classification     Sanskrit St Aloysius Library St Aloysius Library   02/17/2021 12.00   S891.1 VARS 045824 02/17/2021 02/17/2021 Book